Management techniques and good governance in health care system and hospital administration / (Record no. 38677)

MARC details
000 -LEADER
fixed length control field 00941nam a22002417a 4500
005 - DATE AND TIME OF LATEST TRANSACTION
control field 2010080202282.0
010 ## - LCCN (DPL NO)
LC control number ENG-97574
020 ## - INTERNATIONAL STANDARD BOOK NUMBER
International Standard Book Number 9788184501971
Terms of availability 1400.00
035 ## - SYSTEM CONTROL NUMBER
System control number EN-81107
037 ## - SOURCE OF ACQUISITION
Source of stock number/acquisition DBAD/PUB
082 ## - DEWEY DECIMAL CLASSIFICATION NUMBER
Classification number 362.10954
100 ## - MAIN ENTRY--PERSONAL NAME
Personal name Goel, S. L.
245 ## - TITLE STATEMENT
Title Management techniques and good governance in health care system and hospital administration /
Statement of responsibility, etc by S. L. Goel
260 ## - PUBLICATION, DISTRIBUTION, ETC. (IMPRINT)
Place of publication, distribution, etc New Delhi
Name of publisher, distributor, etc Deep & Deep Publications
Date of publication, distribution, etc 2010
270 ## - ADDRESS
Address F-159, Rajouri Garden
City New Delhi
Postal code 110018
300 ## - PHYSICAL DESCRIPTION
Extent xiii,309p.:
Other physical details ill.
Dimensions 25cm (Hb)
500 ## - GENERAL NOTE
General note Includes bibliographical references and index
650 ## - SUBJECT ADDED ENTRY--TOPICAL TERM
Topical term or geographic name as entry element Health Services Administration
650 ## - SUBJECT ADDED ENTRY--TOPICAL TERM
Topical term or geographic name as entry element Medical Care
650 ## - SUBJECT ADDED ENTRY--TOPICAL TERM
Topical term or geographic name as entry element Medical Policy
942 ## - ADDED ENTRY ELEMENTS (KOHA)
Source of classification or shelving scheme Dewey Decimal Classification
Item type English Books
Classification part 362.10954
Call number suffix GOE
Holdings
Withdrawn status Lost status Not for loan Collection code Home library Current library Date acquired Source of acquisition Cost, normal purchase price Full call number Barcode Copy number Cost, replacement price Koha item type
    Not For Loan Non-fiction D.B.Act.Division D.B.Act.Division 02/08/2010 DBAD/PUB 1400.00 362.10954 GOE EN-81107 1 1400.00 English Books

© Delhi Public Library
Hit Counter
free hit counter